[Event "SWZ-ch"]
[Site "?"]
[Date "1988.??.??"]
[Round "?"]
[White "Huss, Andreas"]
[Black "Trepp, Markus"]
[Result "1/2-1/2"]
[WhiteElo "2360"]
[BlackElo "2385"]

1.d4 Nf6 2.Nf3 e6 3.c4 Bb4+ 4.Nbd2 O-O 5.a3 Be7 6.e4 d5 7.e5 Ne4 8.Bd3 Nxd2
9.Bxd2 c5 10.cxd5 exd5 11.dxc5 Bg4 12.b4 Nc6 13.Bf4 f6 14.e6 a5 15.Qc2 Bxf3
16.Bxh7+ Kh8 17.gxf3 Nd4 18.Qd3 Nxe6 19.Bd2 Qb8 20.O-O f5 21.Rae1 Nf4 22.Bxf4 Qxf4
23.Qe3  1/2-1/2

[Event "URS Cup rapid"]
[Site "Tallinn"]
[Date "1988.??.??"]
[Round "3"]
[White "Karner, Hillar"]
[Black "Epishin, Vladimir"]
[Result "0-1"]
[WhiteElo "2390"]
[BlackElo "2475"]

1.d4 Nf6 2.Nf3 e6 3.c4 Bb4+ 4.Nbd2 d6 5.g3 O-O 6.Bg2 Bxd2+ 7.Qxd2 Ne4 8.Qc2 f5
9.O-O Nd7 10.d5 e5 11.Nh4 Ndf6 12.f3 Nc5 13.b4 Na6 14.a3 f4 15.e4 c5 16.Rb1 Bd7
17.Nf5 Bxf5 18.exf5 cxb4 19.axb4 Rc8 20.b5 Nb8 21.gxf4 exf4 22.Qa2 Qb6+ 23.Kh1 Qd4
24.Ba3 Qxc4 25.Qxc4 Rxc4 26.Bxd6 Rd8 27.Bxb8 Rxb8 28.Rfd1 Rd8 29.Bf1 Rc3
30.Rbc1 Rxc1 31.Rxc1 Kf8 32.Bc4 Rc8 33.d6 a5 34.bxa6 bxa6 35.Kg1 a5 36.Rd1 Nd7  0-1

[Event "URS Cup rapid"]
[Site "Tallinn"]
[Date "1988.??.??"]
[Round "8"]
[White "Epishin, Vladimir"]
[Black "Makarichev, Sergey"]
[Result "1/2-1/2"]
[WhiteElo "2475"]
[BlackElo "2485"]

1.d4 Nf6 2.c4 e6 3.Nf3 Bb4+ 4.Nbd2 O-O 5.g3 b6 6.Bg2 Bb7 7.O-O Bxd2 8.Qxd2 d6
9.b3 Nbd7 10.Bb2 Ne4 11.Qc2 f5 12.Ne1 Qe7 13.Nd3 c5 14.e3 Rac8 15.Qe2 Ba8
16.Rad1 Ndf6 17.f3 Ng5 18.Nf2 Qe8 19.dxc5 dxc5 20.h4 Nf7 21.Bxf6 gxf6 22.e4 Nh6
23.Qe3 Qg6 24.exf5 Nxf5 25.Qxe6+ Kh8 26.h5 Qg5 27.Nh3 Qe3+ 28.Qxe3 Nxe3 29.Rd7 Nxf1
30.Kxf1 a5 31.Nf4 Rcd8 32.Ra7 Rfe8 33.h6 Rd1+ 34.Kf2 Rd2+ 35.Kf1 Rxa2 36.Nh5 Ra1+
37.Kf2 Ra2+ 38.Kf1 Rd8 39.Kg1 Rd1+ 40.Kh2 Bxf3 41.Nf4  1/2-1/2

[Event "Thessaloniki ol (Men)"]
[Site "Thessaloniki"]
[Date "1988.??.??"]
[Round "1"]
[White "Santa Torres, Juan"]
[Black "Arnason, Jon L"]
[Result "0-1"]
[WhiteElo "2245"]
[BlackElo "2535"]

1.d4 Nf6 2.c4 e6 3.Nf3 Bb4+ 4.Nbd2 b6 5.a3 Bxd2+ 6.Qxd2 Bb7 7.e3 O-O 8.Be2 Ne4
9.Qc2 f5 10.O-O Rf6 11.b4 Rh6 12.d5 exd5 13.Bb2 dxc4 14.Qxc4+ d5 15.Qd4 Qe7
16.Rac1 c5 17.bxc5 bxc5 18.Qe5 Qxe5 19.Nxe5 Rb6 20.Rc2 Ba6 21.Rd1 Bxe2 22.Rxe2 Rd6
23.f3 Nf6 24.Red2 Na6 25.Nc4 Re6 26.Bxf6 dxc4 27.Bb2 Rxe3 28.Rd8+ Rxd8 29.Rxd8+ Kf7
30.Rd7+ Re7 31.Rxe7+ Kxe7 32.Bxg7 Nc7 33.Kf2 Nb5 34.a4 Nd4 35.Ke3 Nc6 36.Bc3 Ke6
37.g4 Nb4  0-1

[Event "Thessaloniki ol (Men)"]
[Site "Thessaloniki"]
[Date "1988.??.??"]
[Round "2"]
[White "Fauland, Alexander"]
[Black "Garcia Gonzales, Guillermo"]
[Result "1/2-1/2"]
[WhiteElo "2385"]
[BlackElo "2525"]

1.Nf3 Nf6 2.c4 e6 3.d4 Bb4+ 4.Nbd2 d5 5.Qa4+ Nc6 6.a3 Bxd2+ 7.Bxd2 Ne4 8.e3 O-O
9.Bd3 e5 10.cxd5 Qxd5 11.Qc2 Nxd2 12.Nxd2 exd4 13.Bxh7+ Kh8 14.Be4 Qb5 15.Nf3 dxe3
16.fxe3 Rd8 17.Rc1 Bg4 18.Bxc6 bxc6 19.Qc4 Bxf3 20.Qxb5 cxb5 21.gxf3 Rac8
22.Ke2 c5 23.Rhd1  1/2-1/2

[Event "Thessaloniki ol (Men)"]
[Site "Thessaloniki"]
[Date "1988.??.??"]
[Round "4"]
[White "Grivas, Efstratios"]
[Black "Petursson, Margeir"]
[Result "1/2-1/2"]
[WhiteElo "2400"]
[BlackElo "2530"]

1.d4 Nf6 2.c4 e6 3.Nf3 Bb4+ 4.Nbd2 O-O 5.a3 Be7 6.e3 b6 7.Bd3 Bb7 8.O-O c5
9.b3 d6 10.Bb2 Nbd7 11.Qe2 Re8 12.Rad1 Bf8 13.e4 cxd4 14.Nxd4 g6 15.Bb1 a6
16.f4 e5 17.fxe5 dxe5 18.Nc2 Nh5 19.Qf3 f6 20.Kh1 Nf4 21.Ne3  1/2-1/2

[Event "Thessaloniki ol (Men)"]
[Site "Thessaloniki"]
[Date "1988.??.??"]
[Round "4"]
[White "Andruet, Gilles"]
[Black "Chandler, Murray G"]
[Result "1-0"]
[WhiteElo "2450"]
[BlackElo "2610"]

1.d4 Nf6 2.c4 e6 3.Nf3 Bb4+ 4.Nbd2 O-O 5.a3 Be7 6.e3 c5 7.dxc5 a5 8.b3 Na6
9.Bb2 Nxc5 10.Qc2 d6 11.Be2 b6 12.Ng5 e5 13.Bf3 Ra7 14.h4 g6 15.h5 Bf5 16.e4 Bd7
17.hxg6 fxg6 18.b4 axb4 19.axb4 Rxa1+ 20.Bxa1 Ne6 21.Nxe6 Bxe6 22.O-O Qc7
23.Rc1 Nd7 24.Be2 Rc8 25.Nf3 Qc6 26.Bd3 Ra8 27.Bc3 Kg7 28.Bd2 Nf6 29.Qb1 Ng4
30.Nh2 Nxh2 31.Kxh2 Ra3 32.Be3 Qa4 33.Bc2 Qa7 34.Bb3 h6 35.Rc3 Ra1 36.Qd3 Qb8
37.c5 Bxb3 38.Rxb3 b5 39.c6 Qc8 40.Qc3 Ra6 41.c7 d5 42.Bxh6+ Kf7 43.Qf3+ Rf6
44.Qd3 Rd6 45.Rc3 d4 46.Qh3 Qxh3+ 47.Kxh3 dxc3 48.c8=Q Rd8 49.Qxc3 Rh8 50.Qxe5 Rxh6+
51.Kg4 Rh4+ 52.Kg3 Rh5 53.Qf4+ Ke6 54.Qg4+ Kf7 55.Qd7 Re5 56.f3 Rh5 57.f4 Kf8
58.Qd4 Rh1 59.e5 Rb1 60.Qe4 Rxb4 61.Qxg6  1-0

[Event "Thessaloniki ol (Men)"]
[Site "Thessaloniki"]
[Date "1988.??.??"]
[Round "7"]
[White "Olafsson, Helgi"]
[Black "Garcia Gonzales, Guillermo"]
[Result "1/2-1/2"]
[WhiteElo "2525"]
[BlackElo "2525"]

1.d4 Nf6 2.c4 e6 3.Nf3 Bb4+ 4.Nbd2 b6 5.a3 Bxd2+ 6.Bxd2 d6 7.Bg5 Nbd7 8.e3 h6
9.Bh4 Bb7 10.Bd3 Qe7 11.b4 g5 12.Bg3 h5 13.h4 g4 14.Ng5 Bxg2 15.Rg1 Bb7 16.Qc2 a5
17.O-O-O axb4 18.axb4 b5 19.c5 Bd5 20.Qc3 O-O 21.e4  1/2-1/2

[Event "Tirnavia-B"]
[Site "Trnava"]
[Date "1988.??.??"]
[Round "4"]
[White "Tibensky, Robert"]
[Black "Pavlovic, Milos"]
[Result "1-0"]
[WhiteElo "2390"]
[BlackElo "2460"]

1.d4 Nf6 2.Nf3 e6 3.c4 Bb4+ 4.Nbd2 O-O 5.e3 b6 6.Bd3 Bb7 7.O-O c5 8.dxc5 Bxd2
9.Bxd2 bxc5 10.Bc3 d6 11.Ng5 Nbd7 12.Qc2 h6 13.Ne4 Ne8 14.f4 d5 15.Ng3 Ndf6
16.Rad1 Ng4 17.Qe2 Qh4 18.h3 Qxg3 19.hxg4 d4 20.exd4 Nf6 21.Qf2 Qxf2+ 22.Rxf2 Nxg4
23.Re2 cxd4 24.Bxd4 Rfd8 25.Bc2 g5 26.fxg5 hxg5 27.b4 e5 28.Bxe5 Rxd1+ 29.Bxd1 Rd8
30.Ba4 Ba6 31.b5 Re8 32.bxa6 Rxe5 33.Rxe5 Nxe5 34.c5 Kf8 35.c6 Nc4 36.c7 Nb6
37.Bd7 Ke7 38.c8=Q Nxc8 39.Bxc8 Kd6 40.g4 Ke5 41.Kf2 Ke4 42.Ke2 Kd4 43.Bf5 f6
44.Kd2 Kc4 45.Ke3 Kd5 46.Kd3 Ke5 47.Kc4 Kd6 48.Kd4 Kc6 49.Ke4 Kc5 50.Bc8 Kd6
51.Kf5 Ke7 52.Be6  1-0

[Event "Candidats (Women)"]
[Site "Tskhaltubo"]
[Date "1988.??.??"]
[Round "?"]
[White "Litinskaya, Marta I"]
[Black "Akhmilovskaya, Elena"]
[Result "0-1"]
[WhiteElo "2415"]
[BlackElo "2400"]

1.d4 Nf6 2.c4 e6 3.Nf3 Bb4+ 4.Nbd2 b6 5.g3 Bb7 6.Bg2 O-O 7.O-O a5 8.Ne5 Bxg2
9.Kxg2 d6 10.Nd3 Bxd2 11.Bxd2 c5 12.dxc5 bxc5 13.f3 Nbd7 14.Rc1 Qb6 15.Rc2 h6
16.Qc1 Rfe8 17.Bc3 e5 18.Nf2 Nf8 19.Rd1 Ne6 20.e3 Qc6 21.Qd2 Ra6 22.b3 g5
23.h3 h5 24.Rh1 g4 25.hxg4 hxg4 26.e4 gxf3+ 27.Kxf3 Kf8 28.Rh8+ Ke7 29.Rxe8+ Kxe8
30.Qh6 Ke7 31.Qh4 Ra8 32.Re2 Rg8 33.Re3 Rg7 34.Qh1 a4 35.Ke2  0-1

[Event "URS-ch otbor56"]
[Site "Uzhgorod"]
[Date "1988.??.??"]
[Round "?"]
[White "Gorelov, Sergey G"]
[Black "Vitolinsh, Alvis"]
[Result "1/2-1/2"]
[WhiteElo "2455"]
[BlackElo "2415"]

1.d4 Nf6 2.c4 e6 3.Nf3 Bb4+ 4.Nbd2 c5 5.a3 Bxd2+ 6.Bxd2 cxd4 7.Nxd4 d5 8.cxd5 Qxd5
9.e3 Bd7 10.Be2 e5 11.Bf3 e4 12.Be2 Qg5 13.g4 O-O 14.h4 Qg6 15.g5 Nd5 16.Qb3 Nb6
17.Rg1 Nc6 18.Nxc6 Bxc6 19.h5 Qe6 20.Qxe6 fxe6 21.Bc3 Bd5 22.Rd1 Rac8 23.Bg4 Rc6
24.Rg2 Na4 25.Be5 Nc5 26.Kf1 Nd3 27.Bc3 Rfc8 28.f3 exf3 29.Rgd2 Bc4 30.Kg1 f2+
31.Kg2 Rf8 32.Be2 Ne1+ 33.Kf1 Nf3 34.Rd7 e5 35.Bxc4+ Rxc4 36.Kxf2 Rh4 37.Rd8 Nxg5+
38.Rxf8+ Kxf8 39.Bxe5 Rxh5 40.Bb8 Nf7 41.Bxa7 Rh2+ 42.Kg3 Rxb2 43.Bc5+ Kg8
44.Rd7 h5 45.Bd4 Rb1 46.a4 g5 47.a5 Rb5 48.Bb6 h4+ 49.Kh3 Rf5 50.Rxb7 Rf3+
51.Kg2 g4 52.a6 h3+ 53.Kg1 g3 54.a7 h2+ 55.Kg2 Rf2+ 56.Kxg3 Ra2 57.a8=Q+ Rxa8
58.Kxh2 Re8 59.Bd4 Nd6 60.Rg7+ Kf8 61.Rg4  1/2-1/2

[Event "URS-ch otbor56"]
[Site "Uzhgorod"]
[Date "1988.??.??"]
[Round "?"]
[White "Ruban, Vadim"]
[Black "Gorelov, Sergey G"]
[Result "1-0"]
[WhiteElo "2395"]
[BlackElo "2455"]

1.d4 Nf6 2.c4 e6 3.Nf3 Bb4+ 4.Nbd2 c5 5.a3 Bxd2+ 6.Bxd2 cxd4 7.Nxd4 d5 8.e3 e5
9.Nf3 Nc6 10.Bc3 Bg4 11.Be2 dxc4 12.Nxe5 Nxe5 13.Bxe5 Qxd1+ 14.Rxd1 Bxe2
15.Kxe2 Ke7 16.Bxf6+ Kxf6 17.Rd6+ Ke7 18.Rhd1 g6 19.Rd7+ Kf6 20.R1d6+ Kg7
21.Rxb7 Rhb8 22.Rdd7 Rxb7 23.Rxb7 Rd8 24.Rb4 Rc8 25.Kd2  1-0

[Event "URS-ch otbor56"]
[Site "Uzhgorod"]
[Date "1988.??.??"]
[Round "?"]
[White "Ruban, Vadim"]
[Black "Vitolinsh, Alvis"]
[Result "1-0"]
[WhiteElo "2395"]
[BlackElo "2415"]

1.d4 Nf6 2.c4 e6 3.Nf3 Bb4+ 4.Nbd2 c5 5.a3 Bxd2+ 6.Bxd2 cxd4 7.Nxd4 d5 8.cxd5 Qxd5
9.e3 O-O 10.Bb4 Re8 11.Nb5 Na6 12.Qxd5 Nxd5 13.Bd6 Bd7 14.e4 Red8 15.Bg3 Bxb5
16.Bxb5 Nf6 17.Bxa6 bxa6 18.f3 Nh5 19.Be5 Rac8 20.Rd1 f6 21.Rxd8+ Rxd8 22.Bc3 f5
23.exf5 exf5 24.g3 Kf7 25.Ke2 Nf6 26.Rd1 Nd5 27.Bd4 Nb6 28.b3 g6 29.Kd3 Nd7
30.Kc2 Nb6 31.Rd3 Rd7 32.Bf2 Rc7+ 33.Rc3 Re7 34.Kd3 Rd7+ 35.Bd4 Nd5 36.Rc6 Nb6
37.Kc3 Rb7 38.Bc5 Nd7 39.b4 Nxc5 40.bxc5 Rb5 41.a4 Rb1 42.Rxa6 Rh1 43.Rxa7+ Ke6
44.Rxh7 Kd5 45.Rh6 Kxc5 46.Rxg6 Rf1 47.f4 Rf3+ 48.Kd2  1-0

[Event "Vrnjacka Banja"]
[Site "Vrnjacka Banja"]
[Date "1988.??.??"]
[Round "?"]
[White "Paunovic, Dragan"]
[Black "Trifunovic, Miroljub"]
[Result "0-1"]
[WhiteElo "2400"]
[BlackElo "2275"]

1.d4 Nf6 2.c4 e6 3.Nf3 Bb4+ 4.Nbd2 b6 5.g3 Bb7 6.Bg2 c5 7.a3 Bxd2+ 8.Bxd2 O-O
9.O-O d6 10.dxc5 bxc5 11.Bf4 d5 12.cxd5 Bxd5 13.Qc2 Qb6 14.Be3 Nbd7 15.b4 Rfc8
16.Rfc1 Qa6 17.bxc5 Ne4 18.Nd2 Ndxc5 19.Nxe4 Nxe4 20.Qd3 Qa4 21.Qd4 Qxd4
22.Bxd4 a6 23.a4 f5 24.a5 Bc4 25.e3 Rab8 26.Bb6 g5 27.h3 h5 28.g4 hxg4 29.hxg4 Kf7
30.Rd1 Bb5 31.gxf5 exf5 32.Rd5 Kg6 33.Bxe4 fxe4 34.Rad1 Be2 35.Rd6+ Kf5 36.Rb1 Bf3
37.Rh6 Rh8 38.Rh2 Rxh2 39.Kxh2 Rh8+ 40.Kg3 g4  0-1

[Event "Vrnjacka Banja"]
[Site "Vrnjacka Banja"]
[Date "1988.??.??"]
[Round "?"]
[White "Paunovic, Dragan"]
[Black "Rashkovsky, Nukhim N"]
[Result "1/2-1/2"]
[WhiteElo "2400"]
[BlackElo "2490"]

1.d4 Nf6 2.c4 e6 3.Nf3 Bb4+ 4.Nbd2 b6 5.g3 Bb7 6.Bg2 O-O 7.O-O d5 8.cxd5 exd5
9.Ne5 Bd6 10.Ndf3 c5 11.dxc5 bxc5 12.Bf4 Nc6 13.Nd3 h6 14.Rc1 c4 15.Bxd6 Qxd6
16.Nde1 Rad8 17.Nc2 d4 18.e3 c3 19.bxc3 dxc3 20.Qxd6 Rxd6 21.Na3 Ba6 22.Rfe1 Nb4
23.Rxc3 Nxa2 24.Rc7 Rd7 25.Rxd7 Nxd7 26.Ra1 Nb4 27.Nc2 Nxc2 28.Rxa6 Nb4 29.Rxa7 Nf6
30.Ne5 Rc8 31.Ra8 Rxa8 32.Bxa8 Na6 33.Bc6 Nc5 34.Bb5 Nfe4 35.Bc4 Nd6 36.Bd5 g5
37.f4 Kg7 38.Kf2 f6 39.Nc6 f5 40.Nd4 Kf6 41.h3 Nd3+ 42.Kf3 Nc5 43.g4 fxg4+
44.hxg4 Ne8 45.Ne2 Nd6 46.Ng3 Ke7 47.Ke2 Nd7 48.Kd3 Nf6 49.Bf3 Ke6 50.Kd4 Nb5+
51.Kc4 Nd6+ 52.Kc5 Nd7+ 53.Kc6 Nf6 54.Ne2 Nde4 55.Nd4+ Kf7 56.Nf5 Kg6 57.Be2 Ne8
58.Nd4 gxf4 59.Nc2 h5  1/2-1/2

[Event "Hoogovens-B"]
[Site "Wijk aan Zee"]
[Date "1988.??.??"]
[Round "?"]
[White "Flear, Glenn C"]
[Black "Brenninkmeijer, Joris"]
[Result "1/2-1/2"]
[WhiteElo "2460"]
[BlackElo "2385"]

1.d4 Nf6 2.c4 e6 3.Nf3 Bb4+ 4.Nbd2 O-O 5.a3 Be7 6.e4 d5 7.e5 Nfd7 8.cxd5 exd5
9.Bd3 c5 10.O-O Nc6 11.Re1 cxd4 12.Nb3 f6 13.e6 Nde5 14.Nfxd4 Re8 15.Bc2 Nxd4
16.Nxd4 Bc5 17.Rxe5 fxe5 18.Qh5 Bxe6 19.Qxh7+ Kf8 20.Nxe6+ Rxe6 21.Qh8+ Kf7
22.Qh5+ Kf8 23.Qh8+ Kf7 24.Qh5+ Kf8  1/2-1/2

[Event "Alicante op"]
[Site "Alicante"]
[Date "1989.??.??"]
[Round "?"]
[White "Hoffman, Alejandro"]
[Black "Hernandez, Roman"]
[Result "0-1"]
[WhiteElo "2435"]
[BlackElo "2435"]

1.d4 Nf6 2.c4 e6 3.Nf3 Bb4+ 4.Nbd2 b6 5.a3 Bxd2+ 6.Bxd2 Bb7 7.Bg5 d6 8.e3 Nbd7
9.Be2 h6 10.Bh4 g5 11.Bg3 h5 12.h4 g4 13.Nd2 Bxg2 14.Rg1 Bb7 15.f3 Qe7 16.fxg4 Nxg4
17.Bxg4 hxg4 18.Qxg4 O-O-O 19.O-O-O Nf6 20.Qe2 Ne4 21.Nxe4 Bxe4 22.Bf2 Qf6
23.Rdf1 Qf5 24.Be1 Qh7 25.Kd2 Rhg8 26.Bf2 Bg2 27.Rc1 Qf5 28.b4 Bf3 29.Qf1 Rxg1
30.Qxg1 Bh5 31.Re1 Qe4 32.Qh1 Bf3 33.Qf1 Rg8 34.Qd3 Rg2 35.Qxe4 Rxf2+ 36.Kd3 Bxe4+
37.Kxe4 Rh2 38.a4 Rxh4+ 39.Kd3 Kd7 40.a5 Rh2 41.b5 Ra2 42.axb6 axb6 43.Rh1 d5
44.cxd5 exd5 45.Rh5 Ke6 46.Re5+ Kd6 47.Rf5 Rb2 48.Rxf7 Rb3+ 49.Kd2 Rxb5 50.Rf6+ Kd7
51.Kc3 Ra5 52.Rh6 Ra3+ 53.Kd2 Ra8 54.Rh5 Kc6 55.Re5 Rh8 56.Kc3 Rh4 57.Rg5 Re4
58.Rg3 Kb5 59.Kd3 Re8 60.Rg5 c6 61.Rg1 Rh8 62.Rb1+ Ka6 63.Ra1+ Kb7 64.Rg1 Rh2
65.Rg6 Rh1 66.Kc3 Ka6 67.Kb4 Rc1 68.Rg2 Rc4+ 69.Kb3 Kb5 70.Rg5 Rb4+ 71.Kc3 Ka4
72.Rg6 Rc4+ 73.Kb2 b5 74.Rg8 Kb4 75.Re8 c5 76.dxc5 Kxc5 77.Rc8+ Kb4 78.Rd8 Rc5
79.Rb8 Rc7 80.Rd8 Kc4 81.Kc2 b4 82.Rb8 Rc6 83.Rd8 b3+ 84.Kb2 Rc5 85.Rb8 Kd3
86.Rxb3+ Kd2 87.Rb8 Rc2+ 88.Kb1 Rc3 89.Kb2 Rxe3 90.Rd8 Re5 91.Rh8 d4 92.Rh2+ Kd3
93.Rh3+ Re3 94.Rh8 Rf3 95.Kc1 Rf1+ 96.Kb2 Re1 97.Rh3+ Kd2 98.Rh2+ Re2 99.Rh1 d3
100.Rh3 Rf2 101.Rh1 Re2 102.Rh3 Kd1+ 103.Kc3 d2 104.Rh1+ Re1 105.Rh2 Re3+
106.Kb2 Re6 107.Rh1+ Ke2 108.Rh2+ Kd3  0-1

[Event "Augsburg"]
[Site "Augsburg"]
[Date "1989.??.??"]
[Round "5"]
[White "Meister, Peter"]
[Black "Dobosz, Henryk"]
[Result "1/2-1/2"]
[WhiteElo "2425"]
[BlackElo "2415"]

1.d4 Nf6 2.c4 e6 3.Nf3 Bb4+ 4.Nbd2 b6 5.a3 Bxd2+ 6.Bxd2 Bb7 7.Bg5 h6 8.Bh4 d6
9.e3 Nbd7 10.b4 g5 11.Bg3 Ne4 12.Nd2 Nxg3 13.hxg3 c5 14.Rb1 Qf6  1/2-1/2

[Event "Augsburg"]
[Site "Augsburg"]
[Date "1989.??.??"]
[Round "11"]
[White "Klebel, Martin"]
[Black "Dobosz, Henryk"]
[Result "1-0"]
[WhiteElo "2360"]
[BlackElo "2415"]

1.d4 Nf6 2.c4 e6 3.Nf3 Bb4+ 4.Nbd2 b6 5.a3 Bxd2+ 6.Qxd2 Bb7 7.e3 O-O 8.Bd3 Ne4
9.Qc2 f5 10.O-O a5 11.b3 d6 12.Bb2 Nd7 13.b4 c5 14.Rfd1 Bc6 15.dxc5 bxc5
16.Nd2 Nxd2 17.Qxd2 e5 18.Bf1 Rf6 19.bxc5 Rh6 20.cxd6 Qh4 21.h3 Rg6 22.Kh2 Nf6
23.Qe1 f4 24.f3 Qg5 25.e4 Bd7 26.Qf2 Rb8 27.Bc1 Qh5 28.Rd3 Rg3 29.Ra2 g5
30.Qa7 Rf8 31.Bd2 g4 32.Be1 gxh3 33.Bxg3 hxg2+ 34.Kxg2 fxg3 35.Kg1 Qh4 36.Rg2 Bh3
37.d7 Rd8 38.Qc7 Rxd7 39.Rxd7 Nxd7 40.Rd2 Bxf1 41.Qxd7  1-0

[Event "Augustow"]
[Site "Augustow"]
[Date "1989.??.??"]
[Round "5"]
[White "Ostrowski, Leszek"]
[Black "Zlotnik, Boris A"]
[Result "0-1"]
[WhiteElo "2380"]
[BlackElo "2420"]

1.d4 Nf6 2.Nf3 e6 3.c4 Bb4+ 4.Nbd2 O-O 5.a3 Be7 6.e3 c5 7.dxc5 a5 8.b3 Na6
9.Bb2 Nxc5 10.Qc2 d6 11.Be2 e5 12.O-O Bg4 13.b4 Ncd7 14.Bd3 Qc7 15.Ng5 h6
16.Nge4 Be6 17.Nc3 Rfc8 18.Rfc1 Nb6 19.Qd1 Qd7 20.Qe2 Ne8 21.h3 f5 22.e4 fxe4
23.Qxe4 Nf6 24.Qe2 Bf8 25.c5 axb4 26.axb4 Rxa1 27.Rxa1 dxc5 28.bxc5 Rxc5
29.Nde4 Rc8 30.Rd1 Qf7 31.f4 Nh5 32.fxe5 Nf4 33.Qe3 Nxd3 34.Rxd3 Nc4 35.Qe2 Qc7
36.Nd6 Qb6+ 37.Kh2 Nxd6 38.exd6 Bxd6+ 39.Kh1 Bc4 40.Nd5 Bxd5 41.Rxd5 Bf8
42.Qe5 Rc2 43.Bd4 Qg6 44.g4 Rd2 45.Bg1 Qc6 46.Bd4 b5  0-1

[Event "AUT-chT"]
[Site "?"]
[Date "1989.??.??"]
[Round "?"]
[White "Hoelzl, Franz"]
[Black "Eisterer, Heinrich"]
[Result "1-0"]
[WhiteElo "2350"]
[BlackElo "2300"]

1.d4 Nf6 2.c4 e6 3.Nf3 Bb4+ 4.Nbd2 c5 5.a3 Bxd2+ 6.Bxd2 cxd4 7.Nxd4 Nc6 8.Bg5 Qa5+
9.Bd2 Qb6 10.Nb5 O-O 11.Be3 Qd8 12.Bc5 Ne7 13.Qd6 Re8 14.Qc7 Nc6 15.Bd6 Ne4
16.Qxd8 Rxd8 17.Bc7 Rf8 18.g3 a6 19.Nd6 Nxd6 20.Bxd6 Re8 21.c5 Nd4 22.O-O-O Nb5
23.e4 Nxd6 24.Rxd6 Kf8 25.Be2 Ke7 26.Rhd1 Kd8 27.b4 Kc7 28.a4 Rb8 29.a5 Ra8
30.Bc4 g5 31.Kd2 f6 32.Ke3 Rg8 33.Be2 h5 34.f3 Kd8 35.Rxe6 Rg6 36.e5 h4 37.Rxf6 Rxf6
38.exf6 hxg3 39.hxg3 Ke8 40.Bc4  1-0

[Event "AUT-chT"]
[Site "?"]
[Date "1989.??.??"]
[Round "?"]
[White "Kostic, Vladimir"]
[Black "Baumgartner, Heinz"]
[Result "1-0"]
[WhiteElo "2335"]
[BlackElo "2365"]

1.d4 Nf6 2.Nf3 e6 3.c4 Bb4+ 4.Nbd2 b6 5.Qb3 Qe7 6.g3 Bb7 7.Bg2 Ne4 8.O-O Nxd2
9.Nxd2 Bxg2 10.Kxg2 Bxd2 11.Bxd2 O-O 12.Qf3 Nc6 13.Bc3 Rae8 14.Rad1 f5 15.d5 Nd8
16.d6 cxd6 17.Bb4 Nf7 18.Qa3 Qf6 19.Bxd6 Nxd6 20.Rxd6 Re7 21.e3 Qe5 22.Rd4 Qc5
23.Qxc5 bxc5 24.Rd6 Rb8 25.b3 Kf7 26.Rfd1 Rb7 27.Ra6 Re8 28.h3 Ke7 29.g4 g6
30.Kg3 Rf8 31.f3 Rc7 32.h4 h6 33.Rg1 d6 34.gxf5 exf5 35.f4 Rg8 36.Kf3 Rd7
37.Rg2 Rg7 38.Rd2 Rf7 39.a3 Rf8 40.b4 Rc8 41.b5 Rb8 42.Rc6 Rf8 43.a4 Rf6
44.a5 Re6 45.a6 Rf6 46.Rc8 Rf7 47.Rg8 Kf6 48.Rg2 Rg7 49.Rxg7 Rxg7 50.Rd2 Ke6
51.e4 Rg8 52.Rg2 Kf6 53.Rd2 Ke6 54.exf5+ gxf5 55.Rg2 Rd8 56.Rg7 d5 57.cxd5+ Kd6
58.Rxa7 c4 59.b6  1-0

[Event "AUT-chT"]
[Site "?"]
[Date "1989.??.??"]
[Round "?"]
[White "Kostic, Vladimir"]
[Black "Dueckstein, Andreas"]
[Result "1/2-1/2"]
[WhiteElo "2335"]
[BlackElo "2345"]

1.d4 Nf6 2.Nf3 e6 3.c4 Bb4+ 4.Nbd2 b6 5.e3 Bb7 6.Bd3 O-O 7.a3 Bxd2+ 8.Nxd2 c5
9.b4 Qc7 10.O-O d6 11.Bb2 Nbd7 12.Qe2 a5 13.b5 cxd4 14.exd4 e5 15.dxe5 dxe5
16.Qe3 Rfe8 17.Bf5 g6 18.Bh3 Rad8 19.Rad1 Nh5 20.Ne4 Nf8  1/2-1/2

[Event "AUT-chT"]
[Site "?"]
[Date "1989.??.??"]
[Round "?"]
[White "Kostic, Vladimir"]
[Black "Duer, Arne"]
[Result "1/2-1/2"]
[WhiteElo "2335"]
[BlackElo "2390"]

1.d4 Nf6 2.Nf3 e6 3.c4 Bb4+ 4.Nbd2 O-O 5.e3 b6 6.Bd3 Bb7 7.O-O d5 8.b3 Nbd7
9.Bb2 Ne4 10.Rc1 f5 11.a3 Bd6 12.b4 dxc4 13.Nxc4 Bd5 14.Nxd6 cxd6 15.Ne1 Qg5
16.Qe2 Rac8 17.f3 Nef6 18.Rxc8 Rxc8 19.e4 fxe4 20.fxe4 Bb7 21.Nf3 Qh5 22.Qe3 h6
23.h3 e5  1/2-1/2

[Event "AUT-chT"]
[Site "?"]
[Date "1989.??.??"]
[Round "?"]
[White "Kostic, Vladimir"]
[Black "Eisterer, Heinrich"]
[Result "1/2-1/2"]
[WhiteElo "2335"]
[BlackElo "2300"]

1.Nf3 Nf6 2.c4 e6 3.d4 Bb4+ 4.Nbd2 O-O 5.a3 Bxd2+ 6.Bxd2 b6 7.g3 Bb7 8.Bg2 c5
9.O-O cxd4 10.Bb4 Re8 11.Qxd4 Nc6 12.Qd6 Nxb4 13.Qxb4 Qc7 14.Rac1 Rac8 15.Qd2 Qb8
16.Qe3 d5 17.Ne5 dxc4 18.Bxb7 Qxb7 19.Nxc4 Red8 20.Qf4 Qd5  1/2-1/2

[Event "AUT-chT"]
[Site "?"]
[Date "1989.??.??"]
[Round "?"]
[White "Kostic, Vladimir"]
[Black "Hanel, Reinhard"]
[Result "1/2-1/2"]
[WhiteElo "2335"]
[BlackElo "2375"]

1.d4 Nf6 2.Nf3 e6 3.c4 Bb4+ 4.Nbd2 b6 5.a3 Bxd2+ 6.Bxd2 Bb7 7.Bg5 d6 8.e3 Nbd7
9.Bd3 O-O 10.O-O h6 11.Bh4 e5 12.Bf5 Qe8 13.Nd2 g6 14.Bc2 Nh7 15.Ba4 Qc8
16.dxe5 dxe5 17.Ne4 Bxe4 18.Bxd7 Qb7 19.f3 Bc6 20.Be7 Bxd7 21.Qxd7 Qc8 22.Rfd1 Re8
23.Rd5 Qxd7 24.Rxd7 Rac8 25.Rad1 Nf8 26.Bxf8 Kxf8 27.Kf2 Re7 28.Ke2 Rxd7
29.Rxd7 Ke8 30.Rd5 f6 31.f4 exf4 32.exf4 Rd8 33.Rxd8+ Kxd8  1/2-1/2

[Event "FRG-ch"]
[Site "Bad Neuenahr"]
[Date "1989.??.??"]
[Round "?"]
[White "Michaelsen, Nils"]
[Black "Schmittdiel, Eckhard"]
[Result "1/2-1/2"]
[WhiteElo "2360"]
[BlackElo "2425"]

1.d4 Nf6 2.c4 e6 3.Nf3 Bb4+ 4.Nbd2 d6 5.a3 Bxd2+ 6.Qxd2 a5 7.Qc2 Nbd7 8.Bg5 Qe7
9.e3 h6 10.Bh4 b6 11.Be2 Bb7 12.h3 g5 13.Bg3 Ne4 14.Bh2 h5 15.Bd3 Ndf6 16.O-O-O O-O-O
17.Ng1 g4 18.f3 gxf3 19.gxf3 Ng5 20.e4 h4 21.b4 axb4 22.axb4 Nd7 23.f4 Nh7
24.Nf3 f5 25.Rhe1 Nhf6 26.d5 fxe4 27.Bxe4 Nxe4 28.Rxe4 Qg7 29.Rxe6 Qa1+ 30.Kd2 Qa3
31.Qc3 Qa2+ 32.Qc2 Qa3 33.Qc3  1/2-1/2

[Event "FRG-ch"]
[Site "Bad Neuenahr"]
[Date "1989.??.??"]
[Round "?"]
[White "Michaelsen, Nils"]
[Black "Klebel, Martin"]
[Result "1/2-1/2"]
[WhiteElo "2360"]
[BlackElo "2350"]

1.d4 Nf6 2.c4 e6 3.Nf3 Bb4+ 4.Nbd2 b6 5.a3 Bxd2+ 6.Bxd2 Bb7 7.Bg5 h6 8.Bh4 d6
9.e3 Nbd7 10.Be2 g5 11.Bg3 h5 12.h3 Ne4 13.Qa4 h4 14.Bh2 f5 15.d5 e5 16.Nd2 Nxd2
17.Kxd2 Qf6 18.Rad1 a6 19.Kc1 O-O-O 20.f3 Kb8 21.Rhf1 Rhe8 22.Qc2 Qg6 23.Kb1 Nf6
24.Bd3 e4 25.fxe4 Nxe4 26.Rf3 Re7 27.Rdf1 Bc8 28.g3 hxg3 29.Bxg3 Rde8 30.Be1 Nc5
31.Bxf5 Bxf5 32.Qxf5 Qxf5+ 33.Rxf5 Rxe3 34.Bf2 Rxh3 35.Bxc5 bxc5 36.Rxg5 Rh4
37.Rc1 Ree4 38.Rc3 Rxc4 39.Rb3+ Kc8 40.Rg8+ Kd7 41.Rg7+ Kc8 42.Rg8+ Kd7  1/2-1/2

[Event "Bad Woerishofen op"]
[Site "Bad Woerishofen"]
[Date "1989.??.??"]
[Round "?"]
[White "Komljenovic, Davor"]
[Black "Cladouras, Panagiotis"]
[Result "1-0"]
[WhiteElo "2465"]
[BlackElo "2385"]

1.d4 Nf6 2.c4 e6 3.Nf3 Bb4+ 4.Nbd2 b6 5.a3 Bxd2+ 6.Bxd2 Bb7 7.Bg5 h6 8.Bh4 d6
9.e3 Nbd7 10.Be2 Qe7 11.O-O g5 12.Bg3 Ne4 13.Nd2 Nxg3 14.fxg3 c5 15.Bf3 Bxf3
16.Qxf3 O-O 17.Rf2 f5 18.Raf1 Rae8 19.h3 Kg7 20.Kh2 Nf6 21.dxc5 bxc5 22.e4 fxe4
23.Nxe4 Nxe4 24.Qxe4 Rxf2 25.Rxf2 Rb8 26.Qe1 Rb3 27.Qd1 Re3 28.b4 d5 29.cxd5 Qd6
30.Qa1+ Kg8 31.bxc5 Qxg3+ 32.Kg1 exd5 33.c6 Rc3 34.Qe1 Re3 35.Qa5 Qd6 36.c7 Re8
37.Rc2 Rc8 38.Qxa7 d4 39.Qc5 Qd7 40.Qb6 Qe7 41.Qg6+  1-0

[Event "JUG-ch playoff"]
[Site "Belgrade"]
[Date "1989.??.??"]
[Round "4"]
[White "Kozul, Zdenko"]
[Black "Damljanovic, Branko"]
[Result "1-0"]
[WhiteElo "2490"]
[BlackElo "2530"]

1.d4 Nf6 2.c4 e6 3.Nf3 Bb4+ 4.Nbd2 b6 5.a3 Bxd2+ 6.Bxd2 Bb7 7.Bg5 h6 8.Bh4 d6
9.e3 Nbd7 10.Bd3 Qe7 11.O-O g5 12.Bg3 Ne4 13.Bxe4 Bxe4 14.Nd2 Bb7 15.b4 h5
16.h3 e5 17.c5 dxc5 18.bxc5 Qe6 19.cxb6 cxb6 20.Rc1 h4 21.Bh2 e4 22.Rc7 Ba6
23.Re1 Bd3 24.Qb3 Qxb3 25.Nxb3 Nf6 26.Be5 Nd5 27.Bxh8 Nxc7 28.Bf6 Kd7 29.Bxg5 Rh8
30.Bf6 Rh5 31.Be5 Nd5 32.Rc1 f6 33.Bh2 Rh6 34.Nd2 a5 35.f3 f5 36.Kf2 Rg6
37.Be5 f4 38.Nxe4 fxe3+ 39.Kg1 Re6 40.g3 hxg3 41.h4 e2 42.Nxg3 Rc6 43.Re1 Ne3
44.h5 Nc2 45.Rxe2 Bxe2 46.Nxe2 Rh6 47.Ng3 Rh7 48.Ne4 Kd8 49.Nf6 Rh8 50.a4 Ne3
51.Ng4 Rxh5 52.Nxe3 Kd7 53.f4 Rh3 54.Kf2 Rh2+ 55.Kf3 Ra2 56.Nc4 Kc6 57.f5 Rxa4
58.f6  1-0

[Event "Bern"]
[Site "Bern"]
[Date "1989.??.??"]
[Round "?"]
[White "Cebalo, Miso"]
[Black "Landenbergue, Claude"]
[Result "1-0"]
[WhiteElo "2505"]
[BlackElo "2350"]

1.d4 Nf6 2.Nf3 e6 3.c4 Bb4+ 4.Nbd2 O-O 5.a3 Be7 6.g3 d5 7.Bg2 c5 8.cxd5 exd5
9.dxc5 a5 10.Nb3 a4 11.Nbd4 Bxc5 12.O-O Nc6 13.Be3 Bb6 14.Rc1 Re8 15.Nxc6 bxc6
16.Bd4 Bd7 17.e3 Ne4 18.Ne5 c5 19.Bxe4 dxe4 20.Nxd7 cxd4 21.Nxb6 Qxb6 22.Qxd4 Qg6
23.Rfd1 h5 24.h4 Ra5 25.Rc5 Rxc5 26.Qxc5 Qg4 27.Qd4 Re6 28.Qxa4 Rf6 29.Rd2 Rf3
30.Qd7 Rf5 31.Rd5 Rxd5 32.Qxd5 Kh7 33.Qxf7  1-0